000 00319nam a22001337a 4500
020 _a0000000583749
040 _cNUST
082 _a891.4393 ASL
100 _aAslam Rahi
_988654
245 _aMout Kay Musafir
260 _aLAHORE:
_bAmmar Publications,
_c2019.
650 _aUrdu Adab-Novel
_989565
942 _2ddc
_cBK
999 _c587725
_d587725